Kitsch religieux et dynamique de la foi (notice n° 1617953)
[ vue normale ]
| 000 -LEADER | |
|---|---|
| fixed length control field | 01820cam a2200169 4500500 |
| 005 - DATE AND TIME OF LATEST TRANSACTION | |
| control field | 20260111085309.0 |
| 041 ## - LANGUAGE CODE | |
| Language code of text/sound track or separate title | fre |
| 042 ## - AUTHENTICATION CODE | |
| Authentication code | dc |
| 100 10 - MAIN ENTRY--PERSONAL NAME | |
| Personal name | Mathot, Benoit |
| Relator term | author |
| 245 00 - TITLE STATEMENT | |
| Title | Kitsch religieux et dynamique de la foi |
| 260 ## - PUBLICATION, DISTRIBUTION, ETC. | |
| Date of publication, distribution, etc. | 2015.<br/> |
| 500 ## - GENERAL NOTE | |
| General note | 72 |
| 520 ## - SUMMARY, ETC. | |
| Summary, etc. | Le kitsch a été défini par Milan Kundera comme un « accord catégorique avec l’être ». Dans cette contribution, Benoit Mathot* établit la généalogie de cette notion à partir des travaux d’Hermann Broch, essayiste et dramaturge autrichien, avant d’en préciser les implications philosophiques chez l’écrivain tchèque. Il y examine la façon dont le kitsch peut contribuer à un éclaircissement de la situation religieuse actuelle, qu’il caractérise à partir de l’analyse engagée par le philosophe Slavoj Žižek. C’est l’occasion pour l’auteur d’explorer de manière critique la notion de kitsch et de poser quelques jalons en vue d’une dynamique chrétienne de la foi. |
| 520 ## - SUMMARY, ETC. | |
| Summary, etc. | Kitsch was defined by Milan Kundera as « categorical agreement with being ». In this contribution, Benoit Mathot explores the genealogy of kitsch with the help of the Austrian playwright and essayist Hermann Broch. He then explores the philosophical implications of this notion for Kundera, and finally examines how kitsch may contribute to a clarification of the current religious situation, as described with the help of the philosopher Slavoj Žižek. This critical exploration of kitsch allows the author to suggest some elements of what would be a Christian dynamics of faith. |
| 786 0# - DATA SOURCE ENTRY | |
| Note | Études théologiques et religieuses | 90 | 1 | 2015-03-03 | p. 67-83 | 0014-2239 |
| 856 41 - ELECTRONIC LOCATION AND ACCESS | |
| Uniform Resource Identifier | <a href="https://shs.cairn.info/revue-etudes-theologiques-et-religieuses-2015-1-page-67?lang=fr&redirect-ssocas=7080">https://shs.cairn.info/revue-etudes-theologiques-et-religieuses-2015-1-page-67?lang=fr&redirect-ssocas=7080</a> |
Pas d'exemplaire disponible.




Réseaux sociaux